Εισαγωγή στην παράκτια γεωλογία

Αποθηκεύτηκε σε:
Λεπτομέρειες βιβλιογραφικής εγγραφής
Κύριος συγγραφέας: Χρόνης, Γεώργιος Θ.
Άλλοι συγγραφείς: Αναγνώστου, Χρήστος Λ.
Μορφή: Βιβλίο
Γλώσσα:Greek
Δημοσίευση: Αθήνα : Πανεπιστήμιο Αιγαίου, Τμήμα Περιβάλλοντος, Εθνικό Κέντρο Θαλάσσιων Ερευνών, Ινστιτούτο Ωκεανογραφίας, 1997
Θέματα:
Ετικέτες: Προσθήκη ετικέτας
Δεν υπάρχουν, Καταχωρήστε ετικέτα πρώτοι!

MARC

LEADER 00000nam a2200000 i 4500
001 1/15310
008 980603s1997 gre d
035 |l 10019769 
040 |a GR-MY-UA  |b gre  |e aacr 
041 0 |a gre 
082 0 |a 551.457 
100 1 |a Χρόνης, Γεώργιος Θ. 
245 1 0 |a Εισαγωγή στην παράκτια γεωλογία /  |c Γεωργίου Θ. Χρόνη; Αναγνώστου Λ. Χρήστου 
260 |a Αθήνα :   |b Πανεπιστήμιο Αιγαίου, Τμήμα Περιβάλλοντος,   |b Εθνικό Κέντρο Θαλάσσιων Ερευνών, Ινστιτούτο Ωκεανογραφίας,   |c 1997 
300 |a 99 σ.  |b σχ. 
500 |a Μαθήματα στους φοιτητές του τμήματος Περιβάλλοντος του Πανεπιστημίου Αιγαίου (Γ' εξάμηνο) 
504 |a Περιλαμβάνει βιβλιογραφικές αναφορές 
650 0 0 |a Geology. 
650 0 0 |a Submarine geology. 
700 1 |a Αναγνώστου, Χρήστος Λ. 
852 |a INST  |b LESVOS  |e 19980603  |h 551.457 ΧΡΟ  |p 005100014583  |q 005100014583  |t BK  |y 0 
852 |a INST  |b LESVOS  |e 19980603  |h 551.457 ΧΡΟ  |p 005100014584  |q 005100014584  |t BK  |y 0 
852 |a INST  |b LESVOS  |e 19980603  |h 551.457 ΧΡΟ  |p 005100014585  |q 005100014585  |t BK  |y 0 
901 |a BIBL-1998-2 
909 |a Λ  |b 051660 
909 |a Λ  |b 051673 
909 |a Λ  |b 051679 
922 |a 1ΔΩΡ  |b 199803  |c ΦΜ